[Event "Villarobledo Online Qualifyer"]
[Site "playchess.com #155672"]
[Date "2009.05.23"]
[Round "4"]
[White "Juanma9413"]
[Black "Kingsize"]
[Result "1-0"]
[WhiteElo "1819"]
[BlackElo "1490"]
[PlyCount "157"]
[EventDate "2009.05.23"]
[EventType "swiss (blitz)"]

1. e4 {[%emt 0:00:03]} e5 {[%emt 0:00:03]} 2. Nf3 {[%emt 0:00:02]} Nc6 {[%emt
0:00:03]} 3. d4 {[%emt 0:00:01]} exd4 {[%emt 0:00:02]} 4. Bc4 {[%emt 0:00:02]}
Be7 {[%emt 0:00:02]} 5. O-O {[%emt 0:00:06]} d6 {[%emt 0:00:06]} 6. Nxd4 {
[%emt 0:00:02]} Nf6 {[%emt 0:00:05]} 7. Nc3 {[%emt 0:00:11]} O-O {[%emt 0:00:
02]} 8. Nxc6 {[%emt 0:00:12]} bxc6 {[%emt 0:00:02]} 9. Bb3 {[%emt 0:00:03]} Be6
{[%emt 0:00:03]} 10. Bf4 {[%emt 0:00:05]} a5 {[%emt 0:00:16]} 11. Re1 {[%emt 0:
00:06]} Bxb3 {[%emt 0:00:08]} 12. axb3 {[%emt 0:00:02]} Nd7 {[%emt 0:00:03]}
13. Qd2 {[%emt 0:00:12]} Bf6 {[%emt 0:00:54]} 14. Be3 {[%emt 0:00:34]} Re8 {
[%emt 0:00:11]} 15. Bd4 {[%emt 0:00:03]} Bxd4 {[%emt 0:00:05]} 16. Qxd4 {[%emt
0:00:02]} Qf6 {[%emt 0:00:08]} 17. Qxf6 {[%emt 0:00:12]} Nxf6 {[%emt 0:00:04]}
18. f3 {[%emt 0:00:02]} Nd7 {[%emt 0:00:05]} 19. Red1 {[%emt 0:00:11]} Nb6 {
[%emt 0:00:11]} 20. Kf2 {[%emt 0:00:01]} f6 {[%emt 0:00:02]} 21. Na4 {[%emt 0:
00:06]} Red8 {[%emt 0:00:14]} 22. Rd4 {[%emt 0:00:15]} c5 {[%emt 0:00:05]} 23.
Rdd1 {[%emt 0:00:14]} Kf7 {[%emt 0:00:02]} 24. Nc3 {[%emt 0:00:07]} Ke6 {[%emt
0:00:03]} 25. Nb5 {[%emt 0:00:04]} Rd7 {[%emt 0:00:06]} 26. f4 {[%emt 0:00:08]}
c6 {[%emt 0:00:05]} 27. Nc3 {[%emt 0:00:10]} g6 {[%emt 0:00:07]} 28. Na4 {
[%emt 0:00:02]} Nxa4 {[%emt 0:00:03]} 29. Rxa4 {[%emt 0:00:02]} h6 {[%emt 0:00:
03]} 30. Rda1 {[%emt 0:00:02]} Rda7 {[%emt 0:00:03]} 31. c3 {[%emt 0:00:02]}
Kd7 {[%emt 0:00:06]} 32. b4 {[%emt 0:00:01]} cxb4 {[%emt 0:00:01]} 33. cxb4 {
[%emt 0:00:01]} Kc7 {[%emt 0:00:05]} 34. bxa5 {[%emt 0:00:03]} Ra6 {[%emt 0:00:
02]} 35. Ke3 {[%emt 0:00:02]} h5 {[%emt 0:00:03]} 36. Kd4 {[%emt 0:00:02]} Kd7
{[%emt 0:00:03]} 37. b4 {[%emt 0:00:02]} Kc7 {[%emt 0:00:02]} 38. R4a3 {[%emt
0:00:07]} Kd7 {[%emt 0:00:03]} 39. Rc3 {[%emt 0:00:03]} Rb8 {[%emt 0:00:04]}
40. Rb1 {[%emt 0:00:03]} Rb5 {[%emt 0:00:01]} 41. Rc4 {[%emt 0:00:05]} Raxa5 {
[%emt 0:00:04]} 42. bxa5 {[%emt 0:00:03]} Rxb1 {[%emt 0:00:02]} 43. Ra4 {[%emt
0:00:02]} Rb8 {[%emt 0:00:03]} 44. e5 {[%emt 0:00:03]} fxe5+ {[%emt 0:00:02]}
45. fxe5 {[%emt 0:00:01]} dxe5+ {[%emt 0:00:02]} 46. Kxe5 {[%emt 0:00:01]} c5 {
[%emt 0:00:04]} 47. Kd5 {[%emt 0:00:02]} Rb4 {[%emt 0:00:05]} 48. Rxb4 {[%emt
0:00:03]} cxb4 {[%emt 0:00:01]} 49. Kc4 {[%emt 0:00:01]} b3 {[%emt 0:00:04]}
50. Kxb3 {[%emt 0:00:01]} Kc6 {[%emt 0:00:01]} 51. Kb4 {[%emt 0:00:01]} g5 {
[%emt 0:00:03]} 52. g3 {[%emt 0:00:07]} h4 {[%emt 0:00:02]} 53. g4 {[%emt 0:00:
03]} h3 {[%emt 0:00:03]} 54. Ka4 {[%emt 0:00:01]} Kb7 {[%emt 0:00:04]} 55. Kb5
{[%emt 0:00:01]} Ka7 {[%emt 0:00:01]} 56. Kc6 {[%emt 0:00:03]} Ka6 {[%emt 0:00:
01]} 57. Kd5 {[%emt 0:00:00]} Kxa5 {[%emt 0:00:01]} 58. Ke6 {[%emt 0:00:00]}
Kb5 {[%emt 0:00:01]} 59. Kf5 {[%emt 0:00:00]} Kc6 {[%emt 0:00:01]} 60. Kxg5 {
[%emt 0:00:00]} Kd6 {[%emt 0:00:01]} 61. Kh4 {[%emt 0:00:00]} Ke6 {[%emt 0:00:
01]} 62. Kxh3 {[%emt 0:00:00]} Kf6 {[%emt 0:00:01]} 63. Kg3 {[%emt 0:00:00]}
Kg5 {[%emt 0:00:01]} 64. h4+ {[%emt 0:00:00]} Kh6 {[%emt 0:00:01]} 65. g5+ {
[%emt 0:00:02]} Kh5 {[%emt 0:00:02]} 66. Kf4 {[%emt 0:00:01]} Kg6 {[%emt 0:00:
02]} 67. Kg4 {[%emt 0:00:01]} Kh7 {[%emt 0:00:02]} 68. h5 {[%emt 0:00:01]} Kg7
{[%emt 0:00:01]} 69. Kf5 {[%emt 0:00:01]} Kh7 {[%emt 0:00:01]} 70. g6+ {[%emt
0:00:01]} Kh8 {[%emt 0:00:02]} 71. Kf6 {[%emt 0:00:03]} Kg8 {[%emt 0:00:01]}
72. g7 {[%emt 0:00:01]} Kh7 {[%emt 0:00:03]} 73. Kf7 {[%emt 0:00:00]} Kh6 {
[%emt 0:00:01]} 74. g8=Q {[%emt 0:00:02]} Kxh5 {[%emt 0:00:01]} 75. Kf6 {[%emt
0:00:02]} Kh4 {[%emt 0:00:01]} 76. Kf5 {[%emt 0:00:01]} Kh3 {[%emt 0:00:02]}
77. Kf4 {[%emt 0:00:01]} Kh2 {[%emt 0:00:01]} 78. Kf3 {[%emt 0:00:01]} Kh1 {
[%emt 0:00:01]} 79. Qg2# {[%emt 0:00:01]} 1-0

[Event "Villarobledo Online Qualifyer"]
[Site "playchess.com #155672"]
[Date "2009.05.23"]
[Round "4"]
[White "Darkmatter"]
[Black "stefanovitch"]
[Result "0-1"]
[WhiteElo "1308"]
[BlackElo "1636"]
[PlyCount "110"]
[EventDate "2009.05.23"]
[EventType "swiss (blitz)"]

1. e4 {[%emt 0:00:01]} d5 {[%emt 0:00:01]} 2. exd5 {[%emt 0:00:01]} Qxd5 {
[%emt 0:00:02]} 3. c4 {[%emt 0:00:03]} Qd6 {[%emt 0:00:02]} 4. Nc3 {[%emt 0:00:
02]} Nf6 {[%emt 0:00:03]} 5. d4 {[%emt 0:00:01]} Bg4 {[%emt 0:00:02]} 6. f3 {
[%emt 0:00:04]} Bh5 {[%emt 0:00:01]} 7. Bd3 {[%emt 0:00:10]} e6 {[%emt 0:00:05]
} 8. Bg5 {[%emt 0:00:10]} Be7 {[%emt 0:00:01]} 9. h4 {[%emt 0:00:05]} h6 {
[%emt 0:00:15]} 10. Be3 {[%emt 0:00:05]} Qg3+ {[%emt 0:00:17]} 11. Bf2 {[%emt
0:00:04]} Qd6 {[%emt 0:00:03]} 12. g4 {[%emt 0:00:04]} Bg6 {[%emt 0:00:01]} 13.
Qc2 {[%emt 0:00:04]} Bxd3 {[%emt 0:00:10]} 14. Qxd3 {[%emt 0:00:01]} c6 {[%emt
0:00:12]} 15. g5 {[%emt 0:00:03]} hxg5 {[%emt 0:00:02]} 16. O-O-O {[%emt 0:00:
06]} g4 {[%emt 0:00:10]} 17. c5 {[%emt 0:00:02]} Qc7 {[%emt 0:00:06]} 18. f4 {
[%emt 0:00:16]} Qxf4+ {[%emt 0:00:04]} 19. Be3 {[%emt 0:00:05]} Qc7 {[%emt 0:
00:09]} 20. Ne4 {[%emt 0:00:08]} Nbd7 {[%emt 0:00:07]} 21. Nd6+ {[%emt 0:00:08]
} Bxd6 {[%emt 0:00:04]} 22. cxd6 {[%emt 0:00:02]} Qxd6 {[%emt 0:00:03]} 23. Ne2
{[%emt 0:00:09]} Nd5 {[%emt 0:00:19]} 24. Rhf1 {[%emt 0:00:12]} Rxh4 {[%emt 0:
00:10]} 25. Nf4 {[%emt 0:00:15]} Nxf4 {[%emt 0:00:11]} 26. Bxf4 {[%emt 0:00:03]
} Qe7 {[%emt 0:00:01]} 27. Rde1 {[%emt 0:00:15]} O-O-O {[%emt 0:00:08]} 28. Qc3
{[%emt 0:00:09]} Nb6 {[%emt 0:00:07]} 29. Qa5 {[%emt 0:00:36]} Nd5 {[%emt 0:00:
11]} 30. Be5 {[%emt 0:00:28]} b6 {[%emt 0:00:07]} 31. Qd2 {[%emt 0:00:03]} f6 {
[%emt 0:00:03]} 32. Bg3 {[%emt 0:00:02]} Rh3 {[%emt 0:00:03]} 33. Rg1 {[%emt 0:
00:02]} Qb4 {[%emt 0:00:05]} 34. Qc2 {[%emt 0:00:02]} Qxd4 {[%emt 0:00:04]} 35.
Bf2 {[%emt 0:00:03]} Qf4+ {[%emt 0:00:05]} 36. Kb1 {[%emt 0:00:01]} Rh2 {[%emt
0:00:07]} 37. Qxc6+ {[%emt 0:00:01]} Qc7 {[%emt 0:00:08]} 38. Qa4 {[%emt 0:00:
03]} Kb8 {[%emt 0:00:09]} 39. Rc1 {[%emt 0:00:01]} Qd7 {[%emt 0:00:03]} 40.
Bg3+ {[%emt 0:00:01]} e5 {[%emt 0:00:04]} 41. Bxh2 {[%emt 0:00:01]} Qxa4 {
[%emt 0:00:01]} 42. b3 {[%emt 0:00:02]} Qe4+ {[%emt 0:00:03]} 43. Kb2 {[%emt 0:
00:04]} Qe2+ {[%emt 0:00:02]} 44. Rc2 {[%emt 0:00:02]} Qe3 {[%emt 0:00:07]} 45.
Rgc1 {[%emt 0:00:03]} Qd4+ {[%emt 0:00:03]} 46. Kb1 {[%emt 0:00:01]} Ne7 {
[%emt 0:00:03]} 47. Re1 {[%emt 0:00:02]} Rc8 {[%emt 0:00:01]} 48. Rce2 {[%emt
0:00:02]} Qd3+ {[%emt 0:00:01]} 49. Kb2 {[%emt 0:00:04]} Nd5 {[%emt 0:00:03]}
50. Rf2 {[%emt 0:00:03]} Qd4+ {[%emt 0:00:01]} 51. Ka3 {[%emt 0:00:02]} Qxf2 {
[%emt 0:00:01]} 52. Rb1 {[%emt 0:00:02]} Qxh2 {[%emt 0:00:01]} 53. Ka4 {[%emt
0:00:01]} g3 {[%emt 0:00:02]} 54. Rd1 {[%emt 0:00:02]} Rd8 {[%emt 0:00:02]} 55.
Ka3 {[%emt 0:00:02]} g2 {[%emt 0:00:01] Darkmatter rinde} 0-1

[Event "Villarobledo Online Qualifyer"]
[Site "playchess.com #155672"]
[Date "2009.05.23"]
[Round "4"]
[White "Torre repetto 2"]
[Black "King 2009"]
[Result "0-1"]
[WhiteElo "1633"]
[BlackElo "1597"]
[PlyCount "132"]
[EventDate "2009.05.23"]
[EventType "swiss (blitz)"]

1. d4 {[%emt 0:00:01]} d5 {[%emt 0:00:01]} 2. c4 {[%emt 0:00:02]} c6 {[%emt 0:
00:00]} 3. Nf3 {[%emt 0:00:04]} Nf6 {[%emt 0:00:01]} 4. e3 {[%emt 0:00:06]} Bg4
{[%emt 0:00:02]} 5. cxd5 {[%emt 0:00:05]} cxd5 {[%emt 0:00:01]} 6. Nc3 {[%emt
0:00:01]} a6 {[%emt 0:00:01]} 7. Be2 {[%emt 0:00:01]} Nc6 {[%emt 0:00:00]} 8.
h3 {[%emt 0:00:01]} Bh5 {[%emt 0:00:02]} 9. O-O {[%emt 0:00:01]} e6 {[%emt 0:
00:04]} 10. a3 {[%emt 0:00:01]} Bd6 {[%emt 0:00:01]} 11. b4 {[%emt 0:00:04]} b5
{[%emt 0:00:03]} 12. Bb2 {[%emt 0:00:01]} Rc8 {[%emt 0:00:01]} 13. Rc1 {[%emt
0:00:01]} O-O {[%emt 0:00:01]} 14. Nd2 {[%emt 0:00:02]} Bg6 {[%emt 0:00:02]}
15. Nf3 {[%emt 0:00:01]} Qb6 {[%emt 0:00:03]} 16. Bd3 {[%emt 0:00:01]} Ne7 {
[%emt 0:00:06]} 17. Qd2 {[%emt 0:00:12]} Rc7 {[%emt 0:00:07]} 18. Rc2 {[%emt 0:
00:02]} Rfc8 {[%emt 0:00:01]} 19. Rfc1 {[%emt 0:00:01]} Nd7 {[%emt 0:00:04]}
20. Ne2 {[%emt 0:00:17]} Qb8 {[%emt 0:00:04]} 21. Rxc7 {[%emt 0:00:05]} Rxc7 {
[%emt 0:00:00]} 22. Rxc7 {[%emt 0:00:01]} Qxc7 {[%emt 0:00:04]} 23. Bxg6 {
[%emt 0:00:01]} hxg6 {[%emt 0:00:02]} 24. Qc3 {[%emt 0:00:02]} Nb6 {[%emt 0:00:
03]} 25. Qxc7 {[%emt 0:00:03]} Bxc7 {[%emt 0:00:00]} 26. Nd2 {[%emt 0:00:05]}
Nec8 {[%emt 0:00:02]} 27. Nc3 {[%emt 0:00:05]} Nc4 {[%emt 0:00:01]} 28. Nxc4 {
[%emt 0:00:01]} dxc4 {[%emt 0:00:00]} 29. Kf1 {[%emt 0:00:01]} Nb6 {[%emt 0:00:
01]} 30. Ke2 {[%emt 0:00:01]} f6 {[%emt 0:00:05]} 31. e4 {[%emt 0:00:02]} Kf7 {
[%emt 0:00:02]} 32. Ke3 {[%emt 0:00:03]} g5 {[%emt 0:00:02]} 33. g3 {[%emt 0:
00:13]} g6 {[%emt 0:00:11]} 34. d5 {[%emt 0:00:01]} f5 {[%emt 0:00:07]} 35.
exf5 {[%emt 0:00:18]} gxf5 {[%emt 0:00:00]} 36. dxe6+ {[%emt 0:00:02]} Kxe6 {
[%emt 0:00:00]} 37. Kd4 {[%emt 0:00:02]} Be5+ {[%emt 0:00:02]} 38. Kc5 {[%emt
0:00:02]} Nd5 {[%emt 0:01:03]} 39. Nd1 {[%emt 0:00:34]} c3 {[%emt 0:00:04]} 40.
Bc1 {[%emt 0:00:04]} c2 {[%emt 0:00:18]} 41. Nb2 {[%emt 0:00:14]} Nc3 {[%emt 0:
00:15]} 42. Bxg5 {[%emt 0:00:20]} f4 {[%emt 0:00:24]} 43. gxf4 {[%emt 0:00:13]}
c1=Q {[%emt 0:00:04]} 44. f5+ {[%emt 0:00:01]} Kxf5 {[%emt 0:00:05]} 45. Bxc1 {
[%emt 0:00:01]} Ne2 {[%emt 0:00:08]} 46. Nd3 {[%emt 0:00:03]} Bd4+ {[%emt 0:00:
15]} 47. Kc6 {[%emt 0:00:16]} Ke4 {[%emt 0:00:01]} 48. Kb7 {[%emt 0:00:23]}
Kxd3 {[%emt 0:00:04]} 49. Bh6 {[%emt 0:00:01]} Kc4 {[%emt 0:00:14]} 50. Kxa6 {
[%emt 0:00:01]} Bb2 {[%emt 0:00:03]} 51. f4 {[%emt 0:00:05]} Bxa3 {[%emt 0:00:
02]} 52. f5 {[%emt 0:00:01]} Bxb4 {[%emt 0:00:03]} 53. f6 {[%emt 0:00:01]} Ng3
{[%emt 0:00:11]} 54. f7 {[%emt 0:00:04]} Nf1 {[%emt 0:00:03]} 55. f8=Q {[%emt
0:00:09]} Bxf8 {[%emt 0:00:01]} 56. Bxf8 {[%emt 0:00:01]} Ne3 {[%emt 0:00:00]}
57. h4 {[%emt 0:00:06]} Nf5 {[%emt 0:00:00]} 58. h5 {[%emt 0:00:03]} b4 {[%emt
0:00:12] '} 59. h6 {[%emt 0:00:02]} b3 {[%emt 0:00:01]} 60. Bg7 {[%emt 0:00:01]
} Nxh6 {[%emt 0:00:02]} 61. Bxh6 {[%emt 0:00:02]} b2 {[%emt 0:00:00]} 62. Bf8 {
[%emt 0:00:03]} b1=Q {[%emt 0:00:00]} 63. Ka7 {[%emt 0:00:01]} Qb5 {[%emt 0:00:
01]} 64. Be7 {[%emt 0:00:03]} Kd5 {[%emt 0:00:00]} 65. Bd8 {[%emt 0:00:01]} Kc6
{[%emt 0:00:00]} 66. Bh4 {[%emt 0:00:02]} Qb7# {[%emt 0:00:00]} 0-1

[Event "Villarobledo Online Qualifyer"]
[Site "playchess.com #155672"]
[Date "2009.05.23"]
[Round "4"]
[White "Moe der Beste"]
[Black "Yang Guo"]
[Result "1/2-1/2"]
[WhiteElo "2165"]
[BlackElo "2878"]
[PlyCount "150"]
[EventDate "2009.05.23"]
[EventType "swiss (blitz)"]

1. d4 {[%emt 0:00:03]} Nf6 {[%emt 0:00:04]} 2. c4 {[%emt 0:00:01]} Nc6 {[%emt
0:00:01]} 3. Nf3 {[%emt 0:00:03]} e6 {[%emt 0:00:01]} 4. Nc3 {[%emt 0:00:01]}
Bb4 {[%emt 0:00:01]} 5. Bd2 {[%emt 0:00:05]} O-O {[%emt 0:00:04]} 6. e3 {[%emt
0:00:01]} d6 {[%emt 0:00:01]} 7. Be2 {[%emt 0:00:01]} Re8 {[%emt 0:00:01]} 8.
a3 {[%emt 0:00:01]} Bxc3 {[%emt 0:00:01]} 9. Bxc3 {[%emt 0:00:01]} Ne4 {[%emt
0:00:04]} 10. Qc2 {[%emt 0:00:02]} Nxc3 {[%emt 0:00:01]} 11. Qxc3 {[%emt 0:00:
00]} e5 {[%emt 0:00:00]} 12. dxe5 {[%emt 0:00:01]} dxe5 {[%emt 0:00:08]} 13.
Rd1 {[%emt 0:00:02]} Qe7 {[%emt 0:00:01]} 14. O-O {[%emt 0:00:02]} Bg4 {[%emt
0:00:01]} 15. h3 {[%emt 0:00:02]} Bh5 {[%emt 0:00:01]} 16. Rd2 {[%emt 0:00:05]}
a5 {[%emt 0:00:07]} 17. Rfd1 {[%emt 0:00:05]} e4 {[%emt 0:00:02]} 18. Nd4 {
[%emt 0:00:02]} Nxd4 {[%emt 0:00:17]} 19. Bxh5 {[%emt 0:00:07]} Ne6 {[%emt 0:
00:01]} 20. Bg4 {[%emt 0:00:03]} Nc5 {[%emt 0:00:02]} 21. b4 {[%emt 0:00:07]}
axb4 {[%emt 0:00:01]} 22. axb4 {[%emt 0:00:00]} Nd3 {[%emt 0:00:01]} 23. c5 {
[%emt 0:00:09]} b6 {[%emt 0:00:05]} 24. Be2 {[%emt 0:00:02]} bxc5 {[%emt 0:00:
01]} 25. Bxd3 {[%emt 0:00:01]} cxb4 {[%emt 0:00:01]} 26. Qc4 {[%emt 0:00:08]}
exd3 {[%emt 0:00:01]} 27. Rxd3 {[%emt 0:00:00]} Rab8 {[%emt 0:01:13]} 28. Rd7 {
[%emt 0:00:03]} Qf6 {[%emt 0:00:01]} 29. Rxc7 {[%emt 0:00:08]} b3 {[%emt 0:00:
01]} 30. Rb1 {[%emt 0:00:02]} b2 {[%emt 0:00:01]} 31. Qa2 {[%emt 0:00:02]} Red8
{[%emt 0:00:18]} 32. Rc2 {[%emt 0:00:07]} Qe5 {[%emt 0:00:01]} 33. g3 {[%emt 0:
00:27]} Qf5 {[%emt 0:00:09]} 34. Rcxb2 {[%emt 0:00:11]} Rxb2 {[%emt 0:00:04]}
35. Qxb2 {[%emt 0:00:00]} Qxh3 {[%emt 0:00:02]} 36. Qe5 {[%emt 0:00:08]} Qc8 {
[%emt 0:00:16]} 37. Kh2 {[%emt 0:00:09]} h6 {[%emt 0:00:02]} 38. Rb2 {[%emt 0:
00:08]} Re8 {[%emt 0:00:03]} 39. Qf4 {[%emt 0:00:06]} Rd8 {[%emt 0:00:10]} 40.
Qe5 {[%emt 0:00:27]} Qa8 {[%emt 0:00:05]} 41. Qf4 {[%emt 0:00:10]} Qa7 {[%emt
0:00:18]} 42. Kg2 {[%emt 0:00:14]} Rc8 {[%emt 0:00:18]} 43. Qf3 {[%emt 0:00:07]
} Qe7 {[%emt 0:00:06]} 44. Rb7 {[%emt 0:00:02]} Qe6 {[%emt 0:00:01]} 45. Qf4 {
[%emt 0:00:05]} Re8 {[%emt 0:00:01]} 46. Qf3 {[%emt 0:00:09]} g6 {[%emt 0:00:
03]} 47. Ra7 {[%emt 0:00:02]} Kg7 {[%emt 0:00:01]} 48. Ra4 {[%emt 0:00:06]} Rc8
{[%emt 0:00:02]} 49. Qe4 {[%emt 0:00:09]} Qxe4+ {[%emt 0:00:05]} 50. Rxe4 {
[%emt 0:00:00]} Rc6 {[%emt 0:00:01]} 51. f4 {[%emt 0:00:01]} Rf6 {[%emt 0:00:
00]} 52. Kf3 {[%emt 0:00:01]} Ra6 {[%emt 0:00:00]} 53. Rd4 {[%emt 0:00:01]} Re6
{[%emt 0:00:01]} 54. Ra4 {[%emt 0:00:02]} Kf6 {[%emt 0:00:01]} 55. Ra5 {[%emt
0:00:01]} h5 {[%emt 0:00:01]} 56. Ra7 {[%emt 0:00:02]} Rb6 {[%emt 0:00:01]} 57.
Ra5 {[%emt 0:00:01]} Rc6 {[%emt 0:00:01]} 58. Ra1 {[%emt 0:00:04]} Rb6 {[%emt
0:00:01]} 59. Rh1 {[%emt 0:00:01]} Rb3 {[%emt 0:00:02]} 60. Ra1 {[%emt 0:00:02]
} Rb6 {[%emt 0:00:01]} 61. Ra4 {[%emt 0:00:02]} Rc6 {[%emt 0:00:01]} 62. g4 {
[%emt 0:00:05]} h4 {[%emt 0:00:03]} 63. g5+ {[%emt 0:00:01]} Kf5 {[%emt 0:00:
03]} 64. Re4 {[%emt 0:00:07]} f6 {[%emt 0:00:05]} 65. gxf6 {[%emt 0:00:07]}
Kxf6 {[%emt 0:00:00]} 66. Kg4 {[%emt 0:00:04]} Rc1 {[%emt 0:00:01]} 67. Kxh4 {
[%emt 0:00:01]} Rg1 {[%emt 0:00:00]} 68. Re5 {[%emt 0:00:02]} Rg2 {[%emt 0:00:
01]} 69. Rg5 {[%emt 0:00:02]} Rxg5 {[%emt 0:00:13]} 70. fxg5+ {[%emt 0:00:00]}
Kf5 {[%emt 0:00:02]} 71. Kg3 {[%emt 0:00:03]} Kxg5 {[%emt 0:00:03]} 72. Kf3 {
[%emt 0:00:01]} Kf5 {[%emt 0:00:01]} 73. Kg3 {[%emt 0:00:03]} g5 {[%emt 0:00:
02]} 74. Kf3 {[%emt 0:00:02]} g4+ {[%emt 0:00:01]} 75. Kg3 {[%emt 0:00:01]} Ke4
{[%emt 0:00:01] Moe der Beste bietet Remis  (Lag: Av=0.64s, max=1.3s)} 1/2-1/2

[Event "Villarobledo Online Qualifyer"]
[Site "playchess.com #155672"]
[Date "2009.05.23"]
[Round "4"]
[White "Dreistein"]
[Black "Chofis"]
[Result "1-0"]
[WhiteElo "1854"]
[BlackElo "1607"]
[PlyCount "165"]
[EventDate "2009.05.23"]
[EventType "swiss (blitz)"]

1. d4 {[%emt 0:00:02]} Nf6 {[%emt 0:00:02]} 2. Nf3 {[%emt 0:00:07]} e6 {[%emt
0:00:02]} 3. c4 {[%emt 0:00:01]} b6 {[%emt 0:00:01]} 4. a3 {[%emt 0:00:02]} Bb7
{[%emt 0:00:01]} 5. Nc3 {[%emt 0:00:01]} c5 {[%emt 0:00:01]} 6. d5 {[%emt 0:00:
03]} d6 {[%emt 0:00:01]} 7. e4 {[%emt 0:00:04]} e5 {[%emt 0:00:01]} 8. Bd3 {
[%emt 0:00:03]} h6 {[%emt 0:00:02]} 9. O-O {[%emt 0:00:01]} g5 {[%emt 0:00:01]}
10. b4 {[%emt 0:00:11]} Nbd7 {[%emt 0:00:03]} 11. Ne1 {[%emt 0:00:12]} Be7 {
[%emt 0:00:02]} 12. Be3 {[%emt 0:00:03]} Nf8 {[%emt 0:00:07]} 13. h4 {[%emt 0:
00:08]} N6d7 {[%emt 0:00:09]} 14. hxg5 {[%emt 0:00:26]} hxg5 {[%emt 0:00:04]}
15. f3 {[%emt 0:00:13]} Ng6 {[%emt 0:00:02]} 16. Nc2 {[%emt 0:00:20]} Nf4 {
[%emt 0:00:02]} 17. Bxf4 {[%emt 0:00:01]} gxf4 {[%emt 0:00:02]} 18. Kf2 {[%emt
0:00:03]} Bh4+ {[%emt 0:00:02]} 19. Ke2 {[%emt 0:00:02]} Bg3 {[%emt 0:00:01]}
20. Rh1 {[%emt 0:00:01]} Qf6 {[%emt 0:00:01]} 21. Rxh8+ {[%emt 0:00:03]} Qxh8 {
[%emt 0:00:02]} 22. Qh1 {[%emt 0:00:02]} O-O-O {[%emt 0:00:02]} 23. Nb5 {[%emt
0:00:08]} Qf6 {[%emt 0:00:07]} 24. Nxa7+ {[%emt 0:00:05]} Kb8 {[%emt 0:00:01]}
25. Nc6+ {[%emt 0:00:10]} Bxc6 {[%emt 0:00:02]} 26. dxc6 {[%emt 0:00:01]} Nf8 {
[%emt 0:00:03]} 27. Qb1 {[%emt 0:00:14]} Kc7 {[%emt 0:00:09]} 28. bxc5 {[%emt
0:00:02]} dxc5 {[%emt 0:00:01]} 29. a4 {[%emt 0:00:05]} Qxc6 {[%emt 0:00:02]}
30. a5 {[%emt 0:00:05]} bxa5 {[%emt 0:00:09]} 31. Rxa5 {[%emt 0:00:02]} Rb8 {
[%emt 0:00:07]} 32. Rb5 {[%emt 0:00:20]} Rxb5 {[%emt 0:00:06]} 33. cxb5 {[%emt
0:00:00]} Qb7 {[%emt 0:00:05]} 34. Qb2 {[%emt 0:00:07]} f6 {[%emt 0:00:03]} 35.
Na3 {[%emt 0:00:02]} Ne6 {[%emt 0:00:01]} 36. Qa2 {[%emt 0:00:17]} Nd4+ {[%emt
0:00:10]} 37. Kd2 {[%emt 0:00:01]} Bf2 {[%emt 0:00:14]} 38. Qf7+ {[%emt 0:00:
04]} Kb8 {[%emt 0:00:03]} 39. Qf8+ {[%emt 0:00:09]} Ka7 {[%emt 0:00:18] '} 40.
Qxc5+ {[%emt 0:00:02]} Qb6 {[%emt 0:00:03]} 41. Qxb6+ {[%emt 0:00:06]} Kxb6 {
[%emt 0:00:01]} 42. Nc4+ {[%emt 0:00:02]} Kxb5 {[%emt 0:00:03]} 43. Nxe5+ {
[%emt 0:00:02]} Kc5 {[%emt 0:00:02]} 44. Nd7+ {[%emt 0:00:02]} Kd6 {[%emt 0:00:
02]} 45. Nxf6 {[%emt 0:00:02]} Nb3+ {[%emt 0:00:01]} 46. Kc3 {[%emt 0:00:03]}
Nc5 {[%emt 0:00:03]} 47. Nd5 {[%emt 0:00:04]} Be1+ {[%emt 0:00:02]} 48. Kc4 {
[%emt 0:00:02]} Ne6 {[%emt 0:00:02]} 49. Nc3 {[%emt 0:00:05]} Ke5 {[%emt 0:00:
04]} 50. Nd5 {[%emt 0:00:03]} Bg3 {[%emt 0:00:02]} 51. Bb1 {[%emt 0:00:03]} Nd4
{[%emt 0:00:01]} 52. Kd3 {[%emt 0:00:02]} Nb3 {[%emt 0:00:01]} 53. Ba2 {[%emt
0:00:02]} Nc1+ {[%emt 0:00:01]} 54. Kc2 {[%emt 0:00:02]} Nxa2 {[%emt 0:00:01]}
55. Kb2 {[%emt 0:00:02]} Nb4 {[%emt 0:00:04]} 56. Nxb4 {[%emt 0:00:01]} Kd4 {
[%emt 0:00:01]} 57. Kc2 {[%emt 0:00:03]} Bh4 {[%emt 0:00:01]} 58. Kd2 {[%emt 0:
00:03]} Be7 {[%emt 0:00:03]} 59. Nc2+ {[%emt 0:00:00]} Ke5 {[%emt 0:00:02]} 60.
Kd3 {[%emt 0:00:01]} Bc5 {[%emt 0:00:01]} 61. Ne1 {[%emt 0:00:02]} Be3 {[%emt
0:00:01]} 62. Nc2 {[%emt 0:00:01]} Bc5 {[%emt 0:00:01]} 63. Na1 {[%emt 0:00:01]
} Be3 {[%emt 0:00:05]} 64. Nb3 {[%emt 0:00:01]} Bb6 {[%emt 0:00:01]} 65. Nd2 {
[%emt 0:00:02]} Bg1 {[%emt 0:00:05]} 66. Kc4 {[%emt 0:00:02]} Be3 {[%emt 0:00:
02]} 67. Nb3 {[%emt 0:00:02]} Bf2 {[%emt 0:00:03]} 68. Nc5 {[%emt 0:00:01]} Bg1
{[%emt 0:00:02]} 69. Nd3+ {[%emt 0:00:01]} Kf6 {[%emt 0:00:01]} 70. Nxf4 {
[%emt 0:00:01]} Kg5 {[%emt 0:00:00]} 71. Nh3+ {[%emt 0:00:01]} Kh4 {[%emt 0:00:
02]} 72. Nxg1 {[%emt 0:00:01]} Kg3 {[%emt 0:00:01]} 73. e5 {[%emt 0:00:01]}
Kxg2 {[%emt 0:00:01]} 74. e6 {[%emt 0:00:01]} Kxg1 {[%emt 0:00:00]} 75. f4 {
[%emt 0:00:01]} Kf2 {[%emt 0:00:00]} 76. f5 {[%emt 0:00:01]} Kg3 {[%emt 0:00:
00]} 77. f6 {[%emt 0:00:01]} Kf4 {[%emt 0:00:00]} 78. e7 {[%emt 0:00:01]} Ke5 {
[%emt 0:00:00]} 79. f7 {[%emt 0:00:01]} Ke6 {[%emt 0:00:01]} 80. e8=Q+ {[%emt
0:00:02]} Kd6 {[%emt 0:00:01]} 81. f8=Q+ {[%emt 0:00:02]} Kc7 {[%emt 0:00:00]}
82. Qff7+ {[%emt 0:00:01] Chofis ofrece tablas} Kd6 {[%emt 0:01:46]} 83. Qee6#
{[%emt 0:00:04]} 1-0